[Event "41st Olympiad Women 2014"]
[Site "Tromso NOR"]
[Date "2014.08.02"]
[Round "1.27"]
[Board "1"]
[White "Batchimeg, Tuvshintugs"]
[Black "Al-Zarouni, Kholoud Essa"]
[Result "1-0"]
[WhiteTitle "WGM"]
[BlackTitle "WIM"]
[WhiteElo "2346"]
[BlackElo "1862"]
[WhiteTeam "Mongolia"]
[BlackTeam "United Arab Emirates"]
[WhiteFideId "4900839"]
[BlackFideId "9301194"]
[EventDate "2014.08.02"]

1. d4 d5 2. Nf3 Nf6 3. e3 e6 4. Bd3 Be7 5. b3 Nbd7 6. Bb2 b6 7. Nbd2 Bb7 8. Ne5
c5 9. O-O O-O 10. f4 Ne4 11. Nxe4 dxe4 12. Bc4 Nxe5 13. fxe5 Rc8 14. Qe2 Bd5 15.
Ba6 Rc7 16. Rad1 Qa8 17. c4 Bc6 18. Qg4 Bd7 19. d5 Bd8 20. Qxe4 exd5 21. cxd5 b5
22. e6 Bxe6 23. Qe5 Bf6 24. Rxf6 Qd8 25. Rf3 1-0

[Event "41st Olympiad Women 2014"]
[Site "Tromso NOR"]
[Date "2014.08.02"]
[Round "1.27"]
[Board "2"]
[White "Nouman, Amna"]
[Black "Bayarmaa, Bayarjargal"]
[Result "0-1"]
[WhiteTitle "WIM"]
[BlackTitle "WFM"]
[WhiteElo "1869"]
[BlackElo "2109"]
[WhiteTeam "United Arab Emirates"]
[BlackTeam "Mongolia"]
[WhiteFideId "9301500"]
[BlackFideId "4900260"]
[EventDate "2014.08.02"]

1. e4 c5 2. Nf3 d6 3. d4 cxd4 4. Nxd4 Nf6 5. Nc3 a6 6. Bg5 Nbd7 7. f4 Qc7 8. g4
b5 9. Bxf6 Nxf6 10. g5 b4 11. Ncb5 axb5 12. gxf6 Bd7 13. Bxb5 Bxb5 14. Nxb5 Qc5
15. Qd3 gxf6 16. a4 Bh6 17. Rf1 Rg8 18. b3 Rg2 19. O-O-O Rc8 20. Rd2 Rg1 21.
Rdd1 Rg4 22. Kb1 Bxf4 23. h3 Rg3 24. Qe2 Be5 25. Rd5 Qe3 26. Qxe3 Rxe3 27. a5
Kd7 28. a6 e6 29. Rd2 Rc6 30. Nxd6 Bxd6 31. a7 Ra6 32. Rxf6 Ke7 33. Rxf7+ Kxf7
34. Rxd6 Rxa7 0-1

[Event "41st Olympiad Women 2014"]
[Site "Tromso NOR"]
[Date "2014.08.02"]
[Round "1.27"]
[Board "3"]
[White "Lkhamsuren, Uuganbayar"]
[Black "Al-Zarouni, Aisha"]
[Result "1-0"]
[WhiteTitle "WFM"]
[WhiteElo "2125"]
[BlackElo "1689"]
[WhiteTeam "Mongolia"]
[BlackTeam "United Arab Emirates"]
[WhiteFideId "4901347"]
[BlackFideId "9302972"]
[EventDate "2014.08.02"]

1. d4 d5 2. c4 e6 3. Nf3 c6 4. e3 Nf6 5. Nc3 Bd6 6. Bd3 Nbd7 7. O-O O-O 8. e4
dxe4 9. Nxe4 Nxe4 10. Bxe4 Nf6 11. Bc2 Qc7 12. Bg5 Be7 13. Qd3 g6 14. Ne5 c5 15.
Rfe1 cxd4 16. Qxd4 b6 17. Rac1 Bb7 18. Qh4 Kg7 19. Re3 Ng8 20. Rh3 Bxg5 21.
Qxh7+ Kf6 22. Qh8+ Ke7 23. Nxg6+ fxg6 24. Rh7+ Rf7 25. Rxf7+ Kxf7 26. Qh7+ Kf8
27. Qxc7 Bxc1 28. Bxg6 Ne7 29. Qxb7 Rd8 30. Qf3+ Nf5 31. g4 Kg7 32. gxf5 Bxb2
33. Qb7+ Kf6 34. Qf7+ 1-0

[Event "41st Olympiad Women 2014"]
[Site "Tromso NOR"]
[Date "2014.08.02"]
[Round "1.27"]
[Board "4"]
[White "Abeer, Ali"]
[Black "Ankhchimeg, Bayanmunkh"]
[Result "0-1"]
[BlackTitle "WIM"]
[WhiteElo "1657"]
[BlackElo "2123"]
[WhiteTeam "United Arab Emirates"]
[BlackTeam "Mongolia"]
[WhiteFideId "9302930"]
[BlackFideId "4900600"]
[EventDate "2014.08.02"]

1. e4 c5 2. Nc3 g6 3. f4 Bg7 4. Nf3 Nc6 5. Bb5 Nd4 6. O-O e6 7. a4 Ne7 8. d3 O-O
9. Bc4 a6 10. Nxd4 cxd4 11. Ne2 d5 12. Bb3 dxe4 13. dxe4 Qb6 14. Kh1 Rd8 15. Bc4
Bd7 16. Bd3 f5 17. Ng3 Kh8 18. Qe2 Ng8 19. e5 Bc6 20. b3 Bf8 21. Bb2 Bc5 22. Qf2
Rd7 23. Rfe1 Ne7 24. Bc4 Bd5 25. Bd3 Rad8 26. Rad1 Bc6 27. Bc4 d3 28. Qd2 Bf2
29. Rf1 Be3 30. Qc3 Bd4 31. Qd2 Bxb2 32. Bxe6 dxc2 33. Qxc2 Rxd1 34. Rxd1 Rxd1+
35. Qxd1 Bxg2+ 36. Kxg2 Qxe6 37. Qc2 Qc6+ 38. Qxc6 Nxc6 39. Ne2 Nd4 40. Nxd4
Bxd4 41. Kf3 Kg7 0-1

[Event "41st Olympiad Women 2014"]
[Site "Tromso NOR"]
[Date "2014.08.02"]
[Round "1.28"]
[Board "1"]
[White "Chandrasiri, S A K"]
[Black "Cramling, Pia"]
[Result "0-1"]
[WhiteTitle "WFM"]
[BlackTitle "GM"]
[WhiteElo "1777"]
[BlackElo "2500"]
[WhiteTeam "Sri Lanka"]
[BlackTeam "Sweden"]
[WhiteFideId "9905049"]
[BlackFideId "1700030"]
[EventDate "2014.08.02"]

1. d4 Nf6 2. c4 e6 3. Nc3 Bb4 4. e3 O-O 5. Ne2 c6 6. Qc2 d5 7. cxd5 exd5 8. Bd2
Re8 9. Ng3 a5 10. Bd3 Nbd7 11. O-O Nf8 12. a3 Bd6 13. Nce2 h5 14. Rfe1 h4 15.
Nf1 Ne4 16. Nc3 f5 17. f3 Nxd2 18. Qxd2 Qf6 19. Bc2 Ne6 20. Rad1 Ng5 21. Qf2 Rf8
22. Qe2 h3 23. f4 hxg2 24. Qxg2 Ne4 25. Nxe4 fxe4 26. Bb3 Kh8 27. Ng3 Qh6 28.
Bc2 Bg4 29. Rc1 Bf3 30. Qf2 g5 31. Bd1 gxf4 0-1

[Event "41st Olympiad Women 2014"]
[Site "Tromso NOR"]
[Date "2014.08.02"]
[Round "1.28"]
[Board "2"]
[White "Frisk, Ellinor"]
[Black "Yashora, Tiumi"]
[Result "1-0"]
[WhiteTitle "WFM"]
[WhiteElo "2257"]
[BlackElo "1715"]
[WhiteTeam "Sweden"]
[BlackTeam "Sri Lanka"]
[WhiteFideId "1708481"]
[BlackFideId "9903534"]
[EventDate "2014.08.02"]

1. Nf3 c5 2. c4 Nf6 3. g3 d5 4. d4 cxd4 5. Bg2 Nc6 6. Nxd4 e5 7. Nxc6 bxc6 8.
O-O Be7 9. Nc3 Be6 10. Bg5 e4 11. Qa4 O-O 12. Rad1 Qe8 13. Bxf6 Bxf6 14. cxd5
cxd5 15. Qxe8 Rfxe8 16. Nxd5 Bxd5 17. Rxd5 Bxb2 18. Rb1 Bf6 19. Rd7 Rad8 20.
Rxa7 e3 21. f4 Rd2 22. Bf3 Kf8 23. a4 Bd4 24. Rc7 Ra2 25. Rxf7+ Kxf7 26. Bd5+
Kf6 27. Bxa2 Rc8 28. Bd5 Rc2 29. Kf1 Rc5 30. Bg8 h6 31. Kg2 Ra5 32. Rb4 Bc3 33.
Re4 Bd2 34. Re6+ 1-0

[Event "41st Olympiad Women 2014"]
[Site "Tromso NOR"]
[Date "2014.08.02"]
[Round "1.28"]
[Board "3"]
[White "Methmali, Y."]
[Black "Bengtsson, Jessica"]
[Result "1/2-1/2"]
[WhiteTitle "WCM"]
[WhiteElo "1727"]
[BlackElo "1933"]
[WhiteTeam "Sri Lanka"]
[BlackTeam "Sweden"]
[WhiteFideId "9900888"]
[BlackFideId "1711083"]
[EventDate "2014.08.02"]

1. e4 c5 2. Nc3 Nc6 3. g3 g6 4. Bg2 Bg7 5. d3 d6 6. Be3 e5 7. Qd2 Nge7 8. Bh6
O-O 9. h4 Bxh6 10. Qxh6 f6 11. Qd2 Nd4 12. O-O-O b5 13. h5 g5 14. f4 h6 15. Rf1
b4 16. Nce2 Qa5 17. Kb1 Be6 18. b3 Nec6 19. Nxd4 Nxd4 20. a4 Rab8 21. Nf3 Qc7
22. Nxd4 cxd4 23. Bh3 Bxh3 24. Rxh3 a5 25. Rh2 Rf7 26. Rhf2 Rbf8 27. Qe2 Qd7 28.
f5 Rc8 29. g4 Qc6 30. Rc1 Rfc7 31. Qf3 Qc3 32. Qg2 Qc5 33. Qf3 Qb6 34. Qg2 Rc3
35. Rff1 R8c5 36. Rfe1 Qc6 37. Rf1 Kf7 38. Rfe1 d5 39. exd5 Qxd5 40. Qxd5+ Rxd5
41. Re4 Ke7 42. Kb2 Kd6 43. Kb1 Rdc5 44. Kb2 Rc6 1/2-1/2

[Event "41st Olympiad Women 2014"]
[Site "Tromso NOR"]
[Date "2014.08.02"]
[Round "1.28"]
[Board "4"]
[White "Horn, Emilia"]
[Black "Mendis, Dasuni Hansika"]
[Result "1-0"]
[WhiteTitle "WFM"]
[WhiteElo "2000"]
[BlackElo "1624"]
[WhiteTeam "Sweden"]
[BlackTeam "Sri Lanka"]
[WhiteFideId "1705385"]
[BlackFideId "9907696"]
[EventDate "2014.08.02"]

1. e4 e5 2. Nf3 Nc6 3. d4 exd4 4. Bc4 Bc5 5. c3 dxc3 6. Bxf7+ Kxf7 7. Qd5+ Kf8
8. Qxc5+ Qe7 9. Qxe7+ Ngxe7 10. Nxc3 d5 11. Bf4 dxe4 12. Ng5 Nb4 13. O-O Nbd5
14. Be5 Nxc3 15. bxc3 Bf5 16. f3 e3 17. g4 h6 18. Ne4 Be6 19. Bxc7 Nd5 20. Bd6+
Kg8 21. Rfe1 Rc8 22. Rac1 Rc4 23. Be5 b6 24. Nd6 Ra4 25. c4 Nb4 26. Rxe3 Rxa2
27. Bc3 Bxc4 28. Bxb4 Bd5 29. Bc3 h5 30. g5 Kh7 31. Re7 Rg8 32. Rf1 Ra3 33. Rc7
Ra2 34. Nf5 1-0

[Event "41st Olympiad Women 2014"]
[Site "Tromso NOR"]
[Date "2014.08.02"]
[Round "1.29"]
[Board "1"]
[White "Rodriguez Rueda, Paula Andrea"]
[Black "Wakuruwarewa, Colletta"]
[Result "1-0"]
[WhiteTitle "WIM"]
[WhiteElo "2368"]
[BlackElo "1633"]
[WhiteTeam "Colombia"]
[BlackTeam "Zimbabwe"]
[WhiteFideId "4404564"]
[BlackFideId "11001305"]
[EventDate "2014.08.02"]

1. d4 d5 2. c4 c6 3. Nf3 Nf6 4. Nc3 e6 5. e3 Bb4 6. Bd3 Nbd7 7. O-O O-O 8. Qc2
Re8 9. Ne5 Bd6 10. f4 Nf8 11. b3 N6d7 12. Bb2 f5 13. Rf3 Nf6 14. Kh1 Re7 15. a3
Bd7 16. b4 Rc8 17. Qb3 dxc4 18. Nxc4 Bc7 19. Ne5 Bxe5 20. fxe5 Nd5 21. e4 fxe4
22. Nxe4 Rc7 23. Raf1 Ng6 24. Bc1 Re8 25. Bg5 Nde7 26. Nd6 Rf8 27. Bxg6 Rxf3 28.
Qxf3 hxg6 29. Qf7+ 1-0

[Event "41st Olympiad Women 2014"]
[Site "Tromso NOR"]
[Date "2014.08.02"]
[Round "1.29"]
[Board "2"]
[White "Zengeni, Tatenda Melisa"]
[Black "Franco Valencia, Beatriz Irene"]
[Result "0-1"]
[BlackTitle "WIM"]
[WhiteElo "1660"]
[BlackElo "2210"]
[WhiteTeam "Zimbabwe"]
[BlackTeam "Colombia"]
[WhiteFideId "11001313"]
[BlackFideId "4402618"]
[EventDate "2014.08.02"]

1. d4 d6 2. Nf3 g6 3. e3 Bg7 4. Bd3 Nd7 5. b3 e5 6. Bb2 Ne7 7. c4 O-O 8. O-O Nc6
9. a3 Qe7 10. Qc2 f5 11. dxe5 dxe5 12. e4 Nc5 13. b4 Nxd3 14. Qxd3 fxe4 15. Qxe4
Bf5 16. Qe3 Rad8 17. Nc3 e4 18. Ne1 Bd4 19. Qg3 Qg7 20. Nc2 Be5 21. Qe3 Rd3 22.
Qe1 Bxc3 23. Bxc3 Qxc3 24. Qxc3 Rxc3 25. Ne3 Be6 26. Rfc1 Rxc1+ 27. Rxc1 Rd8 28.
c5 Rd3 0-1

[Event "41st Olympiad Women 2014"]
[Site "Tromso NOR"]
[Date "2014.08.02"]
[Round "1.29"]
[Board "3"]
[White "Rivera, Ingris"]
[Black "Masiyazi, Rhoda"]
[Result "1-0"]
[WhiteTitle "WIM"]
[WhiteElo "2210"]
[BlackElo "1920"]
[WhiteTeam "Colombia"]
[BlackTeam "Zimbabwe"]
[WhiteFideId "4402472"]
[BlackFideId "11000090"]
[EventDate "2014.08.02"]

1. g3 d5 2. Bg2 Nf6 3. Nf3 Nc6 4. d4 Bf5 5. O-O h6 6. b3 Nb4 7. Na3 e6 8. Bb2
Bd6 9. c3 Nc6 10. c4 Bxa3 11. Bxa3 dxc4 12. bxc4 Ne4 13. Rc1 a5 14. Qa4 Qd7 15.
Rfd1 Nb4 16. Qb3 Qe7 17. Ne5 O-O 18. Nd3 c5 19. f3 Nxd3 20. Rxd3 Nd6 21. e4 Bg6
22. dxc5 Ne8 23. c6 Qc7 24. cxb7 Rb8 25. Rb1 f5 26. Bxf8 Kxf8 27. Qb5 Nd6 28.
Qe5 Ne8 29. Qxc7 Nxc7 30. Rd7 Na6 31. Rd6 Nb4 32. a3 Nc2 33. Rc6 Ke7 34. Rc8
Rxb7 35. Rxb7+ Kf6 36. c5 Nxa3 37. Rf8+ Ke5 38. Rd7 fxe4 39. f4# 1-0

[Event "41st Olympiad Women 2014"]
[Site "Tromso NOR"]
[Date "2014.08.02"]
[Round "1.29"]
[Board "4"]
[White "Zengeni, Paidaishe"]
[Black "Franco Valencia, Angela"]
[Result "0-1"]
[WhiteTitle "WCM"]
[BlackTitle "WIM"]
[WhiteElo "1678"]
[BlackElo "2186"]
[WhiteTeam "Zimbabwe"]
[BlackTeam "Colombia"]
[WhiteFideId "11000660"]
[BlackFideId "4403070"]
[EventDate "2014.08.02"]

1. e4 c5 2. Nf3 d6 3. d4 cxd4 4. Nxd4 Nf6 5. Nc3 a6 6. Bg5 Nbd7 7. f4 Qc7 8. Qf3
b5 9. O-O-O Bb7 10. Nb3 e6 11. g4 b4 12. Bxf6 Nxf6 13. g5 bxc3 14. gxf6 cxb2+
15. Kb1 gxf6 16. f5 e5 17. Nd2 Rc8 18. Bc4 Bc6 19. Bb3 a5 20. a4 Qb7 21. Rhe1
Qb4 22. Nc4 Bxa4 23. Nxb2 Bxb3 24. Qxb3 Qxb3 25. cxb3 Rg8 26. Rg1 Rxg1 27. Rxg1
Rc3 28. Rg3 Rxg3 29. hxg3 h5 30. Nc4 d5 31. exd5 Bb4 32. Kc2 Kd7 33. Kd1 Kc7 34.
Ke2 Bc3 35. Kd1 Bb4 36. Ke2 Kb7 37. Kd1 Ka6 38. d6 Kb7 39. Ke2 Kc6 40. Kd1 Bxd6
41. Nxa5+ Kd5 42. Ke2 e4 43. Kf2 Kd4 44. Nc4 Bc7 45. Nb2 Bb8 46. Nd1 Kd3 47. b4
Be5 48. b5 e3+ 49. Kf3 Bd4 50. b6 e2 51. Nb2+ Bxb2 52. b7 e1=Q 53. b8=Q Qf1# 0-1

[Event "41st Olympiad Women 2014"]
[Site "Tromso NOR"]
[Date "2014.08.02"]
[Round "1.31"]
[Board "1"]
[White "Tsolakidou, Stavroula"]
[Black "Morales Santos, Natasha"]
[Result "1-0"]
[WhiteTitle "WFM"]
[BlackTitle "WCM"]
[WhiteElo "2240"]
[BlackElo "1726"]
[WhiteTeam "Greece"]
[BlackTeam "Puerto Rico"]
[WhiteFideId "4264312"]
[BlackFideId "3101703"]
[EventDate "2014.08.02"]

1. e4 e6 2. d4 d5 3. Nc3 Nf6 4. Bg5 Bb4 5. e5 h6 6. Bd2 Bxc3 7. bxc3 Ne4 8. Qg4
g6 9. Bd3 Nxd2 10. Kxd2 c5 11. Nf3 c4 12. Be2 Nd7 13. h4 h5 14. Qf4 Nb6 15. Ng5
Qe7 16. Rh3 Bd7 17. Rf3 Rf8 18. Nh7 Rh8 19. Nf6+ Kf8 20. g4 hxg4 21. Qxg4 Ba4
22. h5 gxh5 23. Qg5 Qc7 24. Rg1 h4 25. Qg7+ Ke7 26. Nxd5+ 1-0

[Event "41st Olympiad Women 2014"]
[Site "Tromso NOR"]
[Date "2014.08.02"]
[Round "1.31"]
[Board "2"]
[White "Vega Jimenez, Keyshla M."]
[Black "Pavlidou, Ekaterini"]
[Result "0-1"]
[BlackTitle "WIM"]
[WhiteElo "1664"]
[BlackElo "2170"]
[WhiteTeam "Puerto Rico"]
[BlackTeam "Greece"]
[WhiteFideId "3101851"]
[BlackFideId "4213262"]
[EventDate "2014.08.02"]

1. e4 c5 2. Nf3 Nc6 3. d4 cxd4 4. Nxd4 Nf6 5. Nc3 e6 6. Bc4 Bb4 7. f3 O-O 8. Be3
d5 9. Bb5 Qa5 10. Nxc6 bxc6 11. Bd3 dxe4 12. fxe4 Bxc3+ 13. bxc3 Qxc3+ 14. Bd2
Qd4 15. Rf1 Nxe4 16. Rf4 Qg1+ 17. Rf1 Qxh2 18. Qf3 Qh4+ 19. Kd1 Nxd2 20. Kxd2
Qg5+ 21. Kd1 e5 22. Bxh7+ Kxh7 23. Rh1+ Kg8 24. Rh5 Qg6 25. Rh4 Be6 0-1

[Event "41st Olympiad Women 2014"]
[Site "Tromso NOR"]
[Date "2014.08.02"]
[Round "1.31"]
[Board "3"]
[White "Makropoulou, Marina"]
[Black "Comas Colon, Rinelly M."]
[Result "1-0"]
[WhiteTitle "WGM"]
[BlackTitle "WFM"]
[WhiteElo "2218"]
[BlackElo "1762"]
[WhiteTeam "Greece"]
[BlackTeam "Puerto Rico"]
[WhiteFideId "4200187"]
[BlackFideId "3101576"]
[EventDate "2014.08.02"]

1. e4 g6 2. d4 Bg7 3. Nf3 d6 4. c3 Nf6 5. Bd3 c6 6. Bg5 Nbd7 7. Nbd2 b5 8. h3
Qc7 9. a4 a6 10. axb5 h6 11. bxc6 Qxc6 12. Be3 e6 13. O-O O-O 14. Re1 Bb7 15.
Nc4 d5 16. Na5 Qc7 17. e5 Ne4 18. Nd2 Nb6 19. Qc2 Nxd2 20. Qxd2 Kh7 21. Qe2 Bc8
22. Rec1 Qd7 23. Ra2 h5 24. Qxh5+ Kg8 25. Qe2 Bb7 26. Rca1 Rfb8 27. Bg5 Qc7 28.
h4 Nd7 29. h5 Nf8 30. Nb3 Bc6 31. Nc5 Bb5 32. Bxb5 Rxb5 33. h6 Bh8 34. Qxb5 axb5
35. Rxa8 1-0

[Event "41st Olympiad Women 2014"]
[Site "Tromso NOR"]
[Date "2014.08.02"]
[Round "1.31"]
[Board "4"]
[White "Rivera Negron, Yanira"]
[Black "Markantonaki, Haritomeni"]
[Result "0-1"]
[BlackTitle "WFM"]
[WhiteElo "1603"]
[BlackElo "2180"]
[WhiteTeam "Puerto Rico"]
[BlackTeam "Greece"]
[WhiteFideId "3101177"]
[BlackFideId "4207050"]
[EventDate "2014.08.02"]

1. d4 Nf6 2. Nf3 e6 3. Bf4 b6 4. e3 Bb7 5. Nbd2 Be7 6. Bd3 c5 7. c4 Nc6 8. h3
cxd4 9. exd4 d5 10. Be5 dxc4 11. Bxc4 O-O 12. O-O Nb4 13. a3 Nbd5 14. Rc1 Rc8
15. Qa4 a6 16. Bd3 Nh5 17. Ne4 Nhf4 18. Rxc8 Qxc8 19. Qb3 Rd8 20. Rd1 Qc6 21.
Nc3 Nxc3 22. Qxc3 Nxh3+ 23. Kf1 Qxc3 24. bxc3 Rc8 25. Rb1 b5 26. c4 f6 27. Bg3
Bxf3 28. gxf3 bxc4 29. Bc2 Ng5 30. f4 Nf3 31. Rb7 Nxd4 0-1

[Event "41st Olympiad Women 2014"]
[Site "Tromso NOR"]
[Date "2014.08.02"]
[Round "1.32"]
[Board "2"]
[White "Isgandarova, Khayala"]
[Black "Khamboo, Monalisa"]
[Result "1-0"]
[WhiteTitle "WIM"]
[WhiteElo "2190"]
[BlackElo "1771"]
[WhiteTeam "Turkey"]
[BlackTeam "Nepal"]
[WhiteFideId "13401823"]
[BlackFideId "12300080"]
[EventDate "2014.08.02"]

1. e4 c5 2. Nf3 d6 3. d4 cxd4 4. Nxd4 Nf6 5. Nc3 Nbd7 6. Be2 e6 7. O-O Be7 8. f4
O-O 9. Kh1 Qc7 10. Be3 a6 11. a4 Nc5 12. Bf3 Bd7 13. a5 Rac8 14. g4 e5 15. Nf5
Bxf5 16. exf5 e4 17. Bg2 Qc6 18. g5 Ne8 19. b4 Nb3 20. Nd5 Bd8 21. cxb3 Qb5 22.
Bxe4 1-0

[Event "41st Olympiad Women 2014"]
[Site "Tromso NOR"]
[Date "2014.08.02"]
[Round "1.32"]
[Board "3"]
[White "Adhikari, Ashmita"]
[Black "Topel, Zehra"]
[Result "0-1"]
[BlackTitle "WIM"]
[WhiteElo "1663"]
[BlackElo "2156"]
[WhiteTeam "Nepal"]
[BlackTeam "Turkey"]
[WhiteFideId "12301329"]
[BlackFideId "6302661"]
[EventDate "2014.08.02"]

1. e4 c5 2. g3 Nc6 3. Bg2 g6 4. d3 Bg7 5. Ne2 e6 6. Nbc3 Nge7 7. O-O O-O 8. f4
d6 9. Rb1 Qd7 10. g4 f5 11. exf5 exf5 12. g5 d5 13. Qe1 Nb4 14. Qd2 d4 15. Nd1
Nxa2 16. Rf3 Nxc1 17. Qxc1 b6 18. h4 Bb7 19. Rh3 Bxg2 20. Kxg2 Nd5 21. Qd2 Rfe8
22. c3 Qe6 23. Ng3 Qe1 24. Qxe1 Rxe1 25. Kf2 Rae8 26. c4 Nxf4 27. Rh1 Nxd3+ 28.
Kg2 f4 29. Rxe1 Nxe1+ 30. Kf2 fxg3+ 31. Kxg3 Nd3 32. Nf2 Re3+ 33. Kg2 Re2 34.
Rf1 Rxb2 0-1

[Event "41st Olympiad Women 2014"]
[Site "Tromso NOR"]
[Date "2014.08.02"]
[Round "1.32"]
[Board "4"]
[White "Cemhan, Kardelen"]
[Black "Jaiswal, Sangita"]
[Result "1-0"]
[WhiteTitle "WCM"]
[WhiteElo "2019"]
[BlackElo "1667"]
[WhiteTeam "Turkey"]
[BlackTeam "Nepal"]
[WhiteFideId "6325670"]
[BlackFideId "12301779"]
[EventDate "2014.08.02"]

1. e4 e5 2. Nf3 Nc6 3. d4 d6 4. dxe5 dxe5 5. Qxd8+ Kxd8 6. Bc4 Be6 7. Bxe6 fxe6
8. Bg5+ Nf6 9. Nc3 Bd6 10. O-O-O Kd7 11. Rhe1 Rad8 12. Nd2 Kc8 13. Nc4 h6 14.
Bh4 g5 15. Bg3 Nh5 16. Nb5 Bc5 17. Bxe5 Nxe5 18. Nxe5 Rxd1+ 19. Rxd1 Bxf2 20.
Nf7 Rh7 21. Rd8# 1-0

[Event "41st Olympiad Women 2014"]
[Site "Tromso NOR"]
[Date "2014.08.02"]
[Round "1.33"]
[Board "2"]
[White "Ooft, Tesora"]
[Black "Exler, Veronika"]
[Result "0-1"]
[WhiteTitle "WCM"]
[BlackTitle "WFM"]
[WhiteElo "1737"]
[BlackElo "2189"]
[WhiteTeam "Surinam"]
[BlackTeam "Austria"]
[WhiteFideId "8200475"]
[BlackFideId "1620550"]
[EventDate "2014.08.02"]

1. e4 e5 2. Nf3 Nc6 3. d4 exd4 4. Nxd4 Nf6 5. Nc3 Bb4 6. Nxc6 bxc6 7. Bd3 d5 8.
exd5 cxd5 9. O-O O-O 10. h3 h6 11. Bf4 c6 12. Ne2 Bd6 13. Qd2 Re8 14. Ng3 Bxf4
15. Qxf4 Be6 16. b4 Qb8 17. Qd2 Qc7 18. a3 Rab8 19. Rfc1 Red8 20. Qe1 Qf4 21.
Qe3 Qxe3 22. fxe3 Nd7 23. e4 d4 24. Nf5 Ne5 25. Ng3 Rd7 26. Rd1 a5 27. bxa5 c5
28. Rab1 Rxb1 29. Rxb1 c4 30. Be2 d3 31. cxd3 cxd3 32. Bd1 Nc4 33. a4 Nxa5 34.
Nf1 Nc4 35. Kf2 Rd4 36. Kf3 Bd7 37. Bb3 Na3 38. Rd1 Bc6 39. Nd2 Nc2 40. a5 Kf8
41. Rc1 Ba4 42. Bc4 Bc6 43. Bb3 Ba4 44. Bc4 Ke7 45. a6 Rd7 46. a7 Rxa7 47. Bxd3
Nd4+ 48. Ke3 Ne6 49. Ra1 Nc5 50. Bc2 Ra6 51. Bxa4 Rxa4 52. Rxa4 Nxa4 53. Nc4 Nc5
54. Ne5 Ke6 55. Kd4 Nb3+ 0-1

[Event "41st Olympiad Women 2014"]
[Site "Tromso NOR"]
[Date "2014.08.02"]
[Round "1.33"]
[Board "3"]
[White "Newrkla, Katharina"]
[Black "Ramos Dos, Rosangela"]
[Result "1-0"]
[WhiteTitle "WFM"]
[BlackTitle "WCM"]
[WhiteElo "2135"]
[BlackElo "1723"]
[WhiteTeam "Austria"]
[BlackTeam "Surinam"]
[WhiteFideId "1621629"]
[BlackFideId "8200521"]
[EventDate "2014.08.02"]

1. e4 g6 2. d4 Bg7 3. Nc3 d6 4. Be3 c6 5. Qd2 Nf6 6. f3 O-O 7. O-O-O Nbd7 8. h4
h5 9. Bh6 b5 10. Bxg7 Kxg7 11. e5 Ne8 12. e6 Ndf6 13. exf7 Rxf7 14. Bd3 Nh7 15.
Nh3 Nef6 16. Nf4 Nf8 17. Kb1 a5 18. Nxg6 Nxg6 19. Qg5 Kh8 20. Qxg6 Rg7 21. Qh6+
Kg8 22. Ne2 Qe8 23. Nf4 Bd7 24. Rhe1 b4 25. Bg6 Qd8 26. Nxh5 Nxh5 27. Qxh5 Qf8
28. Bd3 Qf6 29. Bc4+ d5 30. Bxd5+ 1-0

[Event "41st Olympiad Women 2014"]
[Site "Tromso NOR"]
[Date "2014.08.02"]
[Round "1.33"]
[Board "4"]
[White "Adhin, Anviti"]
[Black "Novkovic, Julia"]
[Result "0-1"]
[WhiteTitle "WCM"]
[BlackTitle "WFM"]
[WhiteElo "1622"]
[BlackElo "2131"]
[WhiteTeam "Surinam"]
[BlackTeam "Austria"]
[WhiteFideId "8201200"]
[BlackFideId "12000086"]
[EventDate "2014.08.02"]

1. c4 g6 2. Nc3 Bg7 3. g3 e5 4. Bg2 Nc6 5. d3 d6 6. e3 Be6 7. Rb1 Qd7 8. b4 f5
9. Nge2 Nh6 10. O-O O-O 11. Bd2 Nd8 12. Qc2 Rb8 13. Rfc1 g5 14. f4 Ndf7 15. a4
Kh8 16. b5 gxf4 17. exf4 c5 18. a5 e4 19. dxe4 Bxc4 20. exf5 d5 21. Qd1 Rfe8 22.
Be1 Rbd8 23. Bf2 b6 24. a6 Nxf5 25. Rc2 Ne3 26. Bxe3 Rxe3 27. Rd2 Bxc3 28. Nxc3
Rxc3 29. Qe1 d4 30. Rc1 Rxc1 31. Qxc1 Bxb5 0-1

[Event "41st Olympiad Women 2014"]
[Site "Tromso NOR"]
[Date "2014.08.02"]
[Round "1.34"]
[Board "2"]
[White "Franciskovic, Borka"]
[Black "Namaganda, Christine"]
[Result "1-0"]
[WhiteTitle "WIM"]
[WhiteElo "2318"]
[BlackElo "1536"]
[WhiteTeam "Croatia"]
[BlackTeam "Uganda"]
[WhiteFideId "14507943"]
[BlackFideId "10000445"]
[EventDate "2014.08.02"]

1. Nf3 Nf6 2. c4 d6 3. Nc3 g6 4. g3 Bg7 5. Bg2 O-O 6. O-O e5 7. d4 Nc6 8. d5 Na5
9. Nd2 c5 10. dxc6 Nxc6 11. Nde4 Ne8 12. Nb5 Nd4 13. Bg5 f6 14. Nxd4 exd4 15.
Bf4 f5 16. Ng5 Nc7 17. Qb3 Be5 18. c5+ Kg7 19. cxd6 Qxd6 20. Bxe5+ Qxe5 21. Rad1
Qe7 22. Nf3 Ne6 23. Nxd4 Nxd4 24. Rxd4 Be6 25. Qe3 Rf7 26. b3 Re8 27. Rfd1 b6
28. Rd6 Bc8 29. Qd4+ Qe5 30. e3 Qxd4 31. R1xd4 Ree7 32. h4 Be6 33. Bc6 h6 34.
Kg2 Rf6 35. Bd7 Bxd7 36. Rxd7 Rxd7 37. Rxd7+ Rf7 38. Rxf7+ Kxf7 39. Kf3 Ke6 40.
e4 h5 41. Kf4 Kf6 42. e5+ Kf7 43. Kg5 Ke6 44. f4 Kf7 45. Kh6 a6 46. a3 a5 47. a4 1-0

[Event "41st Olympiad Women 2014"]
[Site "Tromso NOR"]
[Date "2014.08.02"]
[Round "1.34"]
[Board "3"]
[White "Amoko, Ivy Claire"]
[Black "Jelica, Mara"]
[Result "0-1"]
[WhiteTitle "WCM"]
[BlackTitle "WIM"]
[WhiteElo "1803"]
[BlackElo "2184"]
[WhiteTeam "Uganda"]
[BlackTeam "Croatia"]
[WhiteFideId "10000291"]
[BlackFideId "14504111"]
[EventDate "2014.08.02"]

1. e4 c5 2. Nf3 d6 3. Bd3 g6 4. c3 Bg7 5. Bc2 Nc6 6. h3 e5 7. d3 Nge7 8. Be3 O-O
9. O-O h6 10. Qd2 Kh7 11. Na3 f5 12. exf5 gxf5 13. Qe2 Ng6 14. Rad1 Qe7 15. Bc1
d5 16. Nh2 f4 17. Nf3 Bf5 18. Rfe1 Rae8 19. Qf1 Qf7 20. Nb5 Rd8 21. Na3 a6 22.
Nb1 c4 23. Rd2 cxd3 24. Bb3 e4 25. Nh2 Na5 26. Rdd1 Nxb3 27. axb3 Be5 28. Nd2
Qg7 29. Kh1 Nh4 30. c4 e3 31. fxe3 fxe3 0-1